[Event "London e2e4 Diamond Jubilee op"]
[Site "London"]
[Date "2012.06.05"]
[Round "6"]
[White "Cobb, James"]
[Black "Lalic, Peter"]
[Result "1-0"]
[WhiteElo "2411"]
[BlackElo "2097"]
[PlyCount "127"]
[EventDate "2012.06.02"]
[EventType "swiss"]
[EventRounds "9"]
[EventCountry "ENG"]
[SourceTitle "CBM 148 Extra"]
[Source "ChessBase"]
[SourceDate "2012.06.22"]
[SourceVersion "1"]
[SourceVersionDate "2012.06.22"]
[SourceQuality "1"]

1. d4 Nf6 2. Nf3 g6 3. g3 Bg7 4. Bg2 0-0 5. 0-0 d6 6. c4 c6 7. Nc3 Nbd7 8. e4 e5 9. h3 Re8 10. Re1 exd4 11. Nxd4 a5 12. Nc2 Qc7 13. Rb1 a4 14. b3 axb3 15. axb3 Ne5 16. Bb2 Qb6 17. Ne3 Rd8 18. Qc2 Nh5 19. Kh2 Bh6 20. Rbd1 Bf8 21. Na4 Qc7 22. c5 Re8 23. f4 Nd7 24. cxd6 Bxd6 25. Qc3 f6 26. Qc4+ Kg7 27. Qd4 Bxf4 28. gxf4 Qxf4+ 29. Kg1 Qg3 30. Rf1 Ne5 31. Qd2 Be6 32. Bxe5 Qxe5 33. Ng4 Bxg4 34. hxg4 Rad8 35. Qc3 Nf4 36. Qxe5 fxe5 37. Nc5 Ne2+ 38. Kf2 Nd4 39. Nxb7 Rb8 40. Nc5 Rb5 41. Rc1 Ra8 42. Ke3 Ra3 43. Rc3 Ra2 44. Rf2 Raa5 45. Nd3 Rxb3 46. Rxb3 Nxb3 47. Rc2 Nd4 48. Rc5 Ra2 49. Nxe5 Ne6 50. Rxc6 Kf6 51. Nd3 Rxg2 52. Rxe6+ Kf7 53. Ra6 Rg3+ 54. Kd4 Rg1 55. Ne5+ Kg7 56. Ra7+ Kg8 57. Ra6 Rd1+ 58. Ke3 Rf1 59. Nf3 Kg7 60. g5 Rb1 61. Ra7+ Kg8 62. e5 Rb3+ 63. Ke4 Rb4+ 64. Nd4 1-0

[Event "London e2e4 Diamond Jubilee op"]
[Site "London"]
[Date "2012.06.03"]
[Round "2"]
[White "Cobb, James"]
[Black "Garnett, John S"]
[Result "1-0"]
[WhiteElo "2411"]
[BlackElo "2008"]
[PlyCount "109"]
[EventDate "2012.06.02"]
[EventType "swiss"]
[EventRounds "9"]
[EventCountry "ENG"]
[SourceTitle "CBM 148 Extra"]
[Source "ChessBase"]
[SourceDate "2012.06.22"]
[SourceVersion "1"]
[SourceVersionDate "2012.06.22"]
[SourceQuality "1"]

1. Nf3 Nf6 2. d4 g6 3. g3 Bg7 4. Bg2 d5 5. 0-0 0-0 6. c4 dxc4 7. Na3 c6 8. Nxc4 Nbd7 9. b3 Nb6 10. Bb2 Be6 11. Nce5 h6 12. Re1 Nfd7 13. Nd3 Bg4 14. h3 Bxf3 15. Bxf3 Qc7 16. Qd2 Rad8 17. Rac1 Qb8 18. a4 Nc8 19. Qb4 Nd6 20. e4 e6 21. Red1 Rfe8 22. Rc2 Bf8 23. Qd2 Nc8 24. Qe3 Bg7 25. Rcd2 Kh7 26. Nf4 Ne7 27. Bg2 e5 28. dxe5 Nxe5 29. Ba3 Ng8 30. Bd6 Qa8 31. a5 Bf8 32. Bxf8 Rxf8 33. Qc5 Rxd2 34. Rxd2 Re8 35. Ne2 Nf6 36. f4 Ned7 37. Qc4 Re7 38. e5 Ng8 39. a6 Nb6 40. axb7 Qxb7 41. Qxc6 Qa6 42. Kh2 Qa3 43. Qc3 h5 44. Nd4 Qa6 45. Nf3 Qc8 46. Qb2 Nh6 47. e6 fxe6 48. Qf6 Qe8 49. Ng5+ Kg8 50. Bc6 Nd7 51. Bxd7 Rxd7 52. Rxd7 Qxd7 53. Qxg6+ Qg7 54. Qxe6+ Kh8 55. Qxh6+ 1-0

[Event "London e2e4 Diamond Jubilee op"]
[Site "London"]
[Date "2012.06.02"]
[Round "1"]
[White "Pace, Colin"]
[Black "Cobb, James"]
[Result "1-0"]
[WhiteElo "2128"]
[BlackElo "2411"]
[PlyCount "85"]
[EventDate "2012.06.02"]
[EventType "swiss"]
[EventRounds "9"]
[EventCountry "ENG"]
[SourceTitle "CBM 148 Extra"]
[Source "ChessBase"]
[SourceDate "2012.06.22"]
[SourceVersion "1"]
[SourceVersionDate "2012.06.22"]
[SourceQuality "1"]

1. e4 e6 2. d4 d5 3. Nd2 a6 4. Ngf3 c5 5. exd5 exd5 6. dxc5 Bxc5 7. Nb3 Bb6 8. Be2 Nf6 9. 0-0 0-0 10. Bg5 Re8 11. c3 Nc6 12. Bh4 Bg4 13. Nbd4 Qd6 14. h3 Nxd4 15. Nxd4 Bxe2 16. Nxe2 Ne4 17. Nd4 Qf4 18. g3 Qe5 19. f4 Bxd4+ 20. Qxd4 Qxd4+ 21. cxd4 Rac8 22. Rfc1 f5 23. g4 Kf7 24. gxf5 Nd6 25. Rc5 Nxf5 26. Bf2 Rxc5 27. dxc5 Re2 28. b4 Rb2 29. Rd1 Rxb4 30. Rxd5 Ke6 31. Re5+ Kf6 32. Re8 Nd4 33. Bxd4+ Rxd4 34. Rb8 Rd7 35. Kf2 Ke6 36. Ke3 Kd5 37. Rc8 Re7+ 38. Kd3 Rf7 39. Ke3 Re7+ 40. Kd3 h6 41. h4 h5 42. Rh8 Kxc5 43. Rxh5+ 1-0

[Event "BCF-chTd 1112 (4NCL)"]
[Site "England"]
[Date "2012.04.01"]
[Round "8.41"]
[White "Trent, Lawrence"]
[Black "Cobb, James"]
[Result "1/2-1/2"]
[WhiteElo "2433"]
[BlackElo "2411"]
[PlyCount "73"]
[EventDate "2011.11.12"]
[EventType "team-swiss"]
[EventRounds "11"]
[EventCountry "ENG"]
[SourceTitle "EXT 2013"]
[Source "ChessBase"]
[SourceDate "2012.11.22"]
[SourceVersion "1"]
[SourceVersionDate "2012.11.22"]
[SourceQuality "1"]
[WhiteTeam "Wood Green Hilsmark II"]
[BlackTeam "Bristol"]
[WhiteTeamCountry "ENG"]
[BlackTeamCountry "ENG"]

1. e4 e6 2. d4 d5 3. Nd2 a6 4. Ngf3 Nf6 5. Bd3 c5 6. exd5 exd5 7. dxc5 Bxc5 8. Nb3 Qe7+ 9. Be2 Ba7 10. 0-0 Nc6 11. Bg5 0-0 12. c3 Re8 13. Bd3 Bg4 14. h3 Bh5 15. g4 Bg6 16. Nbd4 Qd6 17. Bh4 Ne4 18. Kg2 h5 19. Nxc6 bxc6 20. Nd4 Bxd4 21. cxd4 Qf4 22. Bxe4 Bxe4+ 23. f3 Bg6 24. Bg3 Qg5 25. Rc1 Re6 26. Rc3 hxg4 27. hxg4 Rae8 28. Qc1 Qf6 29. Be5 Qe7 30. Rxc6 f6 31. Rxe6 Qxe6 32. Bg3 Qe2+ 33. Rf2 Qd3 34. Qd2 Qb1 35. Rf1 Qxa2 36. Re1 Rxe1 37. Bxe1 1/2-1/2

[Event "BCF-chTa 1112 (4NCL)"]
[Site "England"]
[Date "2012.02.11"]
[Round "5.31"]
[White "Zhou, Yang Fan"]
[Black "Cobb, James"]
[Result "0-1"]
[WhiteElo "2438"]
[BlackElo "2411"]
[PlyCount "74"]
[EventDate "2011.11.12"]
[EventType "team-tourn"]
[EventRounds "7"]
[EventCountry "ENG"]
[SourceTitle "EXT 2013"]
[Source "ChessBase"]
[SourceDate "2012.11.22"]
[SourceVersion "1"]
[SourceVersionDate "2012.11.22"]
[SourceQuality "1"]
[WhiteTeam "Guildford"]
[BlackTeam "Bristol"]
[WhiteTeamCountry "ENG"]
[BlackTeamCountry "ENG"]

1. e4 e5 2. Nf3 Nc6 3. d4 exd4 4. Nxd4 Bc5 5. Be3 Qf6 6. c3 Nge7 7. Bc4 b6 8. 0-0 Bb7 9. f4 0-0-0 10. Qd2 d5 11. e5 Qh4 12. Bd3 g6 13. b4 Bxd4 14. Bxd4 Nf5 15. Bxf5+ gxf5 16. Qf2 Qg4 17. a4 Rhg8 18. Na3 a5 19. Nc2 Rg6 20. Ne3 Qh5 21. Rfb1 axb4 22. a5 Nxa5 23. cxb4 Nc4 24. Nf1 Rdg8 25. Ng3 Qg4 26. Ra7 h5 27. Qc2 Qxf4 28. Qxf5+ Qxf5 29. Nxf5 Rxg2+ 30. Kh1 Kb8 31. Rba1 Rd2 32. R7a2 Rg5 33. Rxd2 Nxd2 34. Ng3 Nb3 35. Rd1 h4 36. Be3 Rg4 37. Nf1 d4# 0-1

[Event "South Wales op 8th"]
[Site "Penarth"]
[Date "2011.07.14"]
[Round "9"]
[White "Pleasants, Allan J"]
[Black "Cobb, James"]
[Result "0-1"]
[WhiteElo "2092"]
[BlackElo "2408"]
[PlyCount "92"]
[EventDate "2011.07.09"]
[EventType "swiss"]
[EventRounds "9"]
[EventCountry "WLS"]
[SourceTitle "CBM 143 Extra"]
[Source "ChessBase"]
[SourceDate "2011.08.29"]
[SourceVersion "1"]
[SourceVersionDate "2011.08.29"]
[SourceQuality "1"]

1. Nf3 Nf6 2. d4 e6 3. c4 b6 4. Nc3 Bb7 5. Bg5 Be7 6. e3 0-0 7. Bd3 d5 8. Qc2 Nbd7 9. cxd5 exd5 10. Bxf6 Nxf6 11. g4 Bb4 12. 0-0-0 Bxc3 13. bxc3 Qe7 14. Ne5 Ne4 15. Kb2 f6 16. Nf3 c5 17. Nh4 cxd4 18. Nf5 dxc3+ 19. Qxc3 Nxc3 20. Nxe7+ Kf7 21. Kxc3 d4+ 22. exd4 Bxh1 23. Nf5 Bd5 24. Re1 Rac8+ 25. Kb2 Rc7 26. Ne3 Rd8 27. h4 g6 28. h5 Be6 29. Rh1 Kg7 30. h6+ Kf7 31. Rd1 Bd5 32. Re1 Kf8 33. Be2 Bf7 34. Rd1 Rcd7 35. Nc2 g5 36. Bf3 Bg6 37. d5 Bxc2 38. Kxc2 Rd6 39. Kc3 Kf7 40. Kd4 Re8 41. Be4 f5 42. gxf5 Rxh6 43. Rc1 Rh4 44. f3 g4 45. Rc7+ Kf8 46. Kd3 gxf3 0-1

[Event "BCF-chT2 1011 (4NCL)"]
[Site "England"]
[Date "2010.11.07"]
[Round "2.11"]
[White "Rosen, Daniel B"]
[Black "Cobb, James"]
[Result "0-1"]
[WhiteElo "2125"]
[BlackElo "2392"]
[PlyCount "44"]
[EventDate "2010.11.06"]
[EventType "team-swiss"]
[EventRounds "11"]
[EventCountry "ENG"]
[SourceTitle "EXT 2012"]
[Source "ChessBase"]
[SourceDate "2011.11.24"]
[SourceVersion "1"]
[SourceVersionDate "2011.11.24"]
[SourceQuality "1"]
[WhiteTeam "Poisoned Pawns II"]
[BlackTeam "South Wales Dragons"]
[WhiteTeamCountry "ENG"]
[BlackTeamCountry "ENG"]

1. e4 e6 2. d4 d5 3. Nc3 Nf6 4. Bg5 dxe4 5. Nxe4 Be7 6. Nxf6+ Bxf6 7. Bxf6 Qxf6 8. Nf3 0-0 9. Bd3 c5 10. c3 cxd4 11. Nxd4 e5 12. Ne2 Nd7 13. 0-0 Nc5 14. Bc2 Rd8 15. Qc1 b6 16. Qe3 Bf5 17. Bxf5 Qxf5 18. Rfd1 Qc2 19. Rxd8+ Rxd8 20. Ng3 Qxb2 21. Re1 f6 22. Qf3 Qxa2 0-1

[Event "EU-Cup 26th"]
[Site "Plovdiv"]
[Date "2010.10.21"]
[Round "5.2"]
[White "Cobb, James"]
[Black "Arlandi, Ennio"]
[Result "1/2-1/2"]
[WhiteElo "2401"]
[BlackElo "2430"]
[PlyCount "83"]
[EventDate "2010.10.17"]
[EventType "team-swiss"]
[EventRounds "7"]
[EventCountry "BUL"]
[SourceTitle "CBM 139"]
[Source "ChessBase"]
[SourceDate "2010.11.18"]
[SourceVersion "1"]
[SourceVersionDate "2010.11.18"]
[SourceQuality "1"]
[WhiteTeam "Cardiff"]
[BlackTeam "Padova"]
[WhiteTeamCountry "WLS"]
[BlackTeamCountry "ITA"]

1. Nf3 Nf6 2. d4 g6 3. b4 Bg7 4. e3 b6 5. Be2 c5 6. c3 0-0 7. 0-0 d5 8. Nbd2 Nbd7 9. a4 Ne4 10. Nxe4 dxe4 11. Nd2 cxd4 12. cxd4 Bb7 13. Bb2 f5 14. a5 Bd5 15. Qa4 e6 16. Rac1 g5 17. Bb5 Nf6 18. Bc6 Rc8 19. b5 Rf7 20. axb6 axb6 21. Nc4 Bxc4 22. Qxc4 Nd5 23. Qb3 Rfc7 24. Rc2 Kf7 25. Rfc1 Ne7 26. Ba3 Bf8 27. Bb2 Qd6 28. Ba3 Qd8 29. Bxe7 Bxe7 30. d5 exd5 31. Qxd5+ Kf6 32. Qa2 Qd6 33. Rd2 Qa3 34. Qc4 Qc5 35. g4 Qxc4 36. Rxc4 fxg4 37. Rxe4 h5 38. Kg2 Rd8 39. Rxd8 Bxd8 40. Re8 Be7 41. Rh8 h4 42. h3 1/2-1/2

[Event "EU-Cup 26th"]
[Site "Plovdiv"]
[Date "2010.10.20"]
[Round "4.2"]
[White "Hoffmann, Michael"]
[Black "Cobb, James"]
[Result "1-0"]
[WhiteElo "2510"]
[BlackElo "2401"]
[PlyCount "63"]
[EventDate "2010.10.17"]
[EventType "team-swiss"]
[EventRounds "7"]
[EventCountry "BUL"]
[SourceTitle "CBM 139"]
[Source "ChessBase"]
[SourceDate "2010.11.18"]
[SourceVersion "1"]
[SourceVersionDate "2010.11.18"]
[SourceQuality "1"]
[WhiteTeam "Solingen"]
[BlackTeam "Cardiff"]
[WhiteTeamCountry "GER"]
[BlackTeamCountry "WLS"]

1. d4 g6 2. c4 Bg7 3. Nf3 c5 4. d5 Nf6 5. Nc3 0-0 6. e4 d6 7. h3 e6 8. Bd3 Na6 9. 0-0 Nc7 10. Bg5 h6 11. Be3 exd5 12. exd5 b5 13. b3 Rb8 14. Qd2 Kh7 15. Rac1 Qd7 16. Bf4 Ba6 17. cxb5 Nxb5 18. Bxb5 Bxb5 19. Rfe1 Ba6 20. Ne4 Nxe4 21. Rxe4 Rfe8 22. Rce1 Rxe4 23. Rxe4 g5 24. Bh2 Qf5 25. Re3 c4 26. Bxd6 cxb3 27. axb3 Rd8 28. Be5 Bb7 29. Nd4 Qg6 30. Bxg7 Kxg7 31. Re7 Ba8 32. Ne6+ 1-0

[Event "EU-Cup 26th"]
[Site "Plovdiv"]
[Date "2010.10.19"]
[Round "3.2"]
[White "Cobb, James"]
[Black "Boe, Mads"]
[Result "1/2-1/2"]
[WhiteElo "2401"]
[BlackElo "2349"]
[PlyCount "44"]
[EventDate "2010.10.17"]
[EventType "team-swiss"]
[EventRounds "7"]
[EventCountry "BUL"]
[SourceTitle "CBM 139"]
[Source "ChessBase"]
[SourceDate "2010.11.18"]
[SourceVersion "1"]
[SourceVersionDate "2010.11.18"]
[SourceQuality "1"]
[WhiteTeam "Cardiff"]
[BlackTeam "Aarhus/Skolerne"]
[WhiteTeamCountry "WLS"]
[BlackTeamCountry "DEN"]

1. Nf3 d5 2. c4 c6 3. d4 e6 4. Nbd2 f5 5. g3 Nf6 6. Bg2 Bd6 7. 0-0 Nbd7 8. b3 0-0 9. Bb2 b6 10. Ne5 Bb7 11. Ndf3 Rc8 12. Rc1 Qe7 13. Rc2 c5 14. Qc1 Rfd8 15. Rd1 Ne4 16. Nxd7 Qxd7 17. dxc5 bxc5 18. e3 a5 19. Ne5 Qe7 20. f3 Nf6 21. Rcd2 Qc7 22. Nd3 Be7 1/2-1/2